|
|
|
|
| LEADER |
00000nab a2200000 a 4500 |
| 001 |
vtls000218479 |
| 003 |
SK-MaSNL |
| 005 |
20260303213431.0 |
| 008 |
111202c1983 xo 0 slo |
| 015 |
|
|
|a SNBRA19rr/mm-uuuuu
|
| 035 |
|
|
|a CL0228593
|
| 040 |
|
|
|a SNKBUCL
|b slo
|c SNKBUCL
|e AACR2
|
| 041 |
0 |
|
|a slo
|
| 044 |
|
|
|a xo
|c SK
|
| 080 |
|
|
|a 631:621.3:338.5
|2 1981
|
| 080 |
|
|
|a 621.3
|2 1981
|
| 080 |
|
|
|a 338.5
|2 1981
|
| 100 |
1 |
|
|a Dohňanský, Ján
|4 aut
|9 8384
|
| 245 |
1 |
0 |
|a Tarifná a cenová problematika zásobovania poľnohospodárstva elektrickou energiou
|c Ján Dohňanský
|
| 650 |
0 |
7 |
|a poľnohospodárstvo
|2 snkbucl
|9 679
|
| 650 |
0 |
7 |
|a elektrická energia
|2 snkbucl
|9 67407
|
| 655 |
|
7 |
|a články zo zborníkov
|2 snkbucl
|9 166140
|
| 773 |
0 |
|
|t Elektrická energia v poľnohospodárstve
|d Bratislava : Dom techniky ČSVTS, 1983
|
| 850 |
|
|
|a Slovenská národná knižnica v Martine
|a MTA001
|
| 852 |
|
|
|a SNK
|b KIS3GCP
|
| 958 |
|
|
|a RK
|
| 992 |
|
|
|a RZB
|
| 999 |
|
|
|c 2212090
|d 2214020
|